000
00178 a2200097 4500
020
_a
9788426446510
041
_a
spa
100
_a
Lionni, Leo
245
_a
Frederick
942
_c
BK
999
_c
29772
_d
29770